| 000 | 00000nas 2200000za 4500 |
| 001 | 9.858905 |
| 003 | CaOODSP |
| 005 | 20221107160123 |
| 007 | cr ||||||||||| |
| 008 | 180711c19699999onc x m o f0 b0fre|d |
| 022 | |z0069-0031 |
| 040 | |aCaOODSP|bfre |
| 043 | |an-cn--- |
| 086 | 1 |aR65-8F-PDF |
| 086 | 1 |aCW65-8F-PDF |
| 130 | 0 |aSérie de rapports (Service canadien de la faune) |
| 210 | 0 |aSér. rapp. - Serv. can. faune |
| 222 | 0|aSérie de rapports - Service canadien de la faune |
| 245 | 00|aSérie de rapports |h[ressource électronique] / |cService canadien de la faune. |
| 246 | 33|aÉtude du Service canadien de la faune |
| 260 | |a[Ottawa] : |bService canadien de la faune, |c1969- |
| 310 | |aIrrégulier |
| 362 | 0 |aNo 7, 43- |
| 500 | |aPubl. aussi en anglais sous le titre : Report series (Canadian Wildlife Service). |
| 692 | 07|2gccst|aGestion de la faune |
| 692 | 07|2gccst|aConservation de la nature |
| 710 | 1 |aCanada.|bMinistère des affaires indiennes et du Nord canadien. |
| 710 | 2 |aService canadien de la faune. |
| 775 | 08|tReport series |w(CaOODSP)9.858862 |